000 00655nam a2200253Ia 4500
005 20260121155524.0
008 008 260114s9999 xx 000 0 eng d
020 _a9781315628462
037 _aEBOOK
040 _aCRL
040 _beng
040 _cCRL
041 _2eng
041 _aeng
084 _qCRL
100 _a Andrew King; Kathryn Almack; Yiu-Tung Suen; Sue Westwood
_91020547
245 0 _aOlder Lesbian, Gay, Bisexual and Trans People
260 _bTaylor and Francis
260 _c2019
856 _uhttp://www.taylorfrancis.com/books/9781315628462
942 _cEBOOK
999 _c1587366
_d1587366